000 00448nam a2200181Ia 4500
001 13321
005 20260306164752.0
008 260306t2014||||xx |||||||||||||| ||spa||
041 _aESP
082 _a001.42
_bR68 2014
100 _aRivera-Camino, Jaime
_eAUT
245 0 _aCómo escribir y publicar una tesis doctoral
260 _c2014
300 _a219 páginas :
_c21 cm.
650 _aGEN
654 _aCHU
942 _cLIB
_dJUS
_fJUS
_2ddc
_n
999 _c13321
_d13321